All English Premiership Football Teams Ever - Statistics

General Stats
  • This quiz has been taken 3,180 times
    27 since last reset
  • The average score is 42 of 51
Answer Stats
Answers % Correct
Arsenal
100%
Brighton & Hove Albion
96%
Burnley
96%
Chelsea
96%
Ipswich Town
96%
Liverpool
96%
Manchester City
96%
Manchester United
96%
Sunderland
96%
West Ham United
96%
Wolverhampton Wanderers
96%
Aston Villa
92%
Blackburn Rovers
92%
Newcastle United
92%
Tottenham Hotspur
92%
Bournemouth
88%
Brentford
88%
Cardiff City
88%
Coventry City
88%
Crystal Palace
88%
Hull City
88%
Leeds United
88%
Middlesbrough
88%
Southampton
88%
Everton
84%
Sheffield United
84%
Swansea City
84%
Blackpool
80%
Bolton Wanderers
80%
Fulham
80%
Huddersfield Town
80%
Norwich City
80%
Nottingham Forest
80%
Queens Park Rangers
80%
Sheffield Wednesday
80%
Bradford City
76%
Derby County
76%
Leicester City
76%
Luton Town
76%
Portsmouth
76%
Stoke City
76%
Birmingham City
72%
Charlton Athletic
72%
West Bromwich Albion
72%
Watford
68%
Wigan Athletic
68%
Oldham Athletic
64%
Reading
64%
Wimbledon
64%
Barnsley
60%
Swindon Town
48%
No matching quizzes found
Score Distribution
Percent of People with Each Score
Percentile by Number Answered
Your Score History
You have not taken this quiz since the last reset